000 00863cab a2200301 4500
001 ABS53697
008 090401t1995 xxu||||| |||| 00| 0 eng d
035 _a(Sirsi) u6007
041 _aeng
245 _aGlaxoWellcome medicines research centre
260 _c1995
300 _aLOAN
350 _a0
490 _aArchitects` Journal
_vSupplement October 1995, (52)
520 _aSpecial supplement on the Glaxo Wellcome medicines research centre at Stevenage.
650 _aBlock management
_96220
650 _aCOST CONTROL
650 _aDESIGN
650 _aGLAXO WELLCOME MEDICINES RESEARCH CENTRE
650 _aHEALTH AND SAFETY
_96244
650 _aPROJECT CONTROLS
650 _aPROJECT REVIEW
650 _aRISK MANAGEMENT
650 _aSTEVENAGE
690 _aBUILDING AND CONSTRUCTION-PROJECTS
942 _n0
948 _c04/03/1997
999 _c3598
_d3598